00888nam a2200253 i 4500001000300000245008600003260004400089300003300133504003400166650002500200650002300225700001800248020001800266040000800284041000800292044000800300080003700308920002200345942000700367008004100374999001700415856009800432952010400530bg00aFPGA - based implementation of signal processing systems /cRoger Woods [et al.]. aChichester :bJohn Wiley & Sons,c2008. aXXI, 364 s. :bil. ;c25 cm. aBibliogr. przy rozdz. Indeks. 9aPrzetwarzanie danych 9aTeoria sygnałów1 aWoods, Roger. a9780470030097 cBPK apol aGBR a004.93:621.391.6/.8:621.3.037.37 a978-0-470-03009-7 cKS090623s2008 enka f |000 0 eng  c56619d56619 uhttp://koha.tu.koszalin.pl/cgi-bin/koha/opac-detail.pl?biblionumber=56619yKatalog online BPK 00104071aELBUDbELBUDcbo91606p02486055t004.436 Jo–VyKSzZakup ze środków katedralnych